Ciencia de la cruz: Estudio sobre San Juan de la Cruz

Guardado en:
書目詳細資料
主要作者: Stein, Edith
格式: 圖書
語言:Undetermined
出版: Burgos, España Editorial Monte Carmelo 1999
版:3
主題:
標簽: 添加標簽
沒有標簽, 成為第一個標記此記錄!

MARC

LEADER 00000nam a2200000Ia 4500
008 170316s9999 xx 000 0 und d
090 |a 230 S-15c 
100 |a Stein, Edith 
245 |a Ciencia de la cruz: Estudio sobre San Juan de la Cruz 
250 |a 3 
260 |a Burgos, España 
260 |b Editorial Monte Carmelo 
260 |c 1999 
300 |a 377 páginas 
650 |a TEOLOGÍA 
650 |a POLONIA 
650 |a SAGRADA ESCRITURA 
650 |a LA CRUZ 
650 |a DOCTRINA DE LA CRUZ 
650 |a ESPÍRITU Y FE 
650 |a MUERTE Y RESURRECCION 
650 |a LA GLORIA DE LA RESURRECCION 
650 |a SAN JUAN DE LA CRUZ 
999 |c 18072  |d 18072 
040 |a cru BVZT 
942 |c 15 D  |h 230 S-15c  |2 z